Statistics for AC/DC War Machine Lyrics

Click here to take the quiz!

General Stats

  • This quiz has been taken 6 times
  • The average score is 59 of 140

Answer Stats

Answer% Correct
a
100%
no
75%
the
75%
(War machine)
75%
(war machine)
75%
War machine
75%
you
75%
Better
50%
bird
50%
catch
50%
command
50%
hand
50%
high
50%
in
50%
just
50%
like
50%
Make
50%
more
50%
obey
50%
on
50%
prey
50%
stand
50%
that
50%
That
50%
think
50%
your
50%
all
25%
And
25%
around
25%
back
25%
been
25%
by
25%
Call
25%
Come
25%
cover
25%
Don't
25%
door
25%
floor
25%
foot
25%
for
25%
gain
25%
Gimme
25%
go
25%
gone
25%
her
25%
here's
25%
Hit
25%
Hurry
25%
if
25%
I'm
25%
Kick
25%
kickin'
25%
know
25%
Let's
25%
messin'
25%
Misery's
25%
mud
25%
name
25%
naught
25%
need
25%
of
25%
Push
25%
score
25%
show
25%
suprise
25%
taken
25%
them
25%
They're
25%
thing
25%
through
25%
to
25%
tracks
25%
While
25%
wild
25%
you're
25%
You've
25%
deck
0%
eyes
0%
shoot
0%
watch
0%

Score Distribution

Percentile by Number Answered

Percent of People with Each Score

Your Score History

You have not taken this quiz